00474nam a2200181 a 4500001001300000003000900013005001700022008004100039020001000080082001500090100002400105245003900129260005900168300000900227500003500236505001000271650001100281nice12345678IN_TiNIC20260116011917.0050524s1950 illa grp 000 0 eng  ac10000a223.2bMAK aMakrakis, Apostolos aCommentary on the Psalms of David. aIllinoisbOrthodos Christian Educational Societyc1950 a960p aincludes index and biblioraphy2 aIndex aPsalms